Sri Aurobindo's integral approach to political thought (Record no. 225869)

MARC details
000 -LEADER
fixed length control field 00413nam a2200157Ia 4500
008 - FIXED-LENGTH DATA ELEMENTS--GENERAL INFORMATION
fixed length control field 230917s9999||||xx |||||||||||||| ||und||
020 ## - ISBN
Price RS80
040 ## - CATALOGING SOURCE
-- 7055
Original cataloging agency VIVEKANANDA LIBRARY
041 ## - Language
-- English
082 ## - DDC NUMBER
Classification number 320.50954 M692S
100 ## - MAIN ENTRY--PERSONAL NAME
Personal name Mital, Shiva Kumar
245 #0 - TITLE STATEMENT
Title Sri Aurobindo's integral approach to political thought
260 ## - PUBLICATION, DISTRIBUTION, ETC. (IMPRINT)
Place of publication, distribution, etc New Delhi
Name of publisher, distributor, etc Metropolitian
Date of publication, distribution, etc 1981
300 ## - PHYSICAL DESCRIPTION
Pages ix, 268 p.
942 ## - ADDED ENTRY ELEMENTS (KOHA)
Koha item type Books
Holdings
Withdrawn status Lost status Damaged status Not for loan Location (home branch) Sublocation or collection (holding branch) Date acquired Koha issues (times borrowed) Koha full call number Accession No. Koha date last seen Koha item type
        VIVEKANANDA LIBRARY VIVEKANANDA LIBRARY 28/08/2002   320.50954 M692S 92908 17/09/2023 Books
© Designed and Maintained by Vivekananda Library, MDU Rohtak